01010nam a2200241Ia 4500001000600000003000900006008004100015040001300056040001300069041001300082100002400095100002900119245004000148245003900188250001100227260001100238260000800249260004900257300005700306500034800363650002600711650003100737 8844IT-RoPAU130308s9999 xx 000 0 und d aIT-RoPAU cIT-RoPAU aITALIANO aPellitteri Giuseppe gCodice Aut. SPICS: 2751 aLettura del linguaggio della stampa bLettura del Linguaggio visivo (La) a1a ed. aTORINO bSEI c1966 [1° Ed.:1966 - Ed.Ling.Originale:1966] a"35 p. (prefazione: no ; testo: 35 [pagine: 16-50])" aMostra della Lettura del Linguaggio della Stampa Linguaggi e Linguistica Componenti grafici Elementari Tridimensionalità€ della Stampa Illusioni e Deformazioni Ottiche Espressione grafica Riproduzioni grafiche Attributi della Stampa Discipline grafiche Propedeutiche in Ordine Alla Lettura del Linguaggio della Stampa Formatura o Tipizzazione aTECNICA DELLA GRAFICA eCodice materia Spics: 5402